[Event "BCF-chT2 2324 (4NCL)"]
[Site "England"]
[Date "2024.01.14"]
[Round "4.4"]
[White "Baker, Chris W"]
[Black "Finn, Peter"]
[Result "1-0"]
[WhiteElo "2225"]
[BlackElo "2177"]
[PlyCount "57"]
[EventDate "2023.11.11"]
[EventType "team-tourn"]
[EventRounds "11"]
[EventCountry "ENG"]
[SourceTitle "CB11_2024"]
[SourceDate "2024.03.13"]
[SourceVersion "1"]
[SourceVersionDate "2024.03.13"]
[SourceQuality "1"]
[WhiteTeam "Warwicks Select"]
[BlackTeam "CSC/Kingston"]
[WhiteTeamCountry "ENG"]
[BlackTeamCountry "ENG"]

1. c4 Nf6 2. Nf3 c6 3. b3 d5 4. Bb2 Bf5 5. d3 h6 6. g3 e6 7. Bg2 Be7 8. 0-0 0-0 9. Nbd2 Nbd7 10. Rc1 a5 11. a3 Re8 12. Qc2 Bh7 13. Qc3 Qb6 14. e4 dxe4 15. dxe4 Nc5 16. Ne5 Red8 17. Rce1 Ne8 18. Re3 Bg5 19. f4 Nd3 20. c5 Qxc5 21. Qxc5 Nxc5 22. fxg5 Rxd2 23. Bc3 Rc2 24. Nxf7 hxg5 25. Nxg5 Nd6 26. Be5 Nb5 27. Rf7 Rc1+ 28. Bf1 Rxf1+ 29. Kxf1 1-0

[Event "ENG-ch Chessable"]
[Site "Kenilworth"]
[Date "2023.05.29"]
[Round "7"]
[White "Wadsworth, Matthew J"]
[Black "Finn, Peter"]
[Result "1-0"]
[WhiteElo "2428"]
[BlackElo "2127"]
[PlyCount "81"]
[EventDate "2023.05.26"]
[EventType "swiss"]
[EventRounds "7"]
[EventCountry "ENG"]
[SourceTitle "CBM 214 Extra"]
[Source "ChessBase"]
[SourceDate "2023.07.31"]
[SourceVersion "1"]
[SourceVersionDate "2023.07.31"]
[SourceQuality "1"]

1. Nf3 d5 2. g3 Nf6 3. Bg2 e6 4. 0-0 Be7 5. c4 0-0 6. b3 d4 7. e3 c5 8. exd4 cxd4 9. Ne5 Qc7 10. Re1 Nc6 11. Nxc6 bxc6 12. d3 Re8 13. Ba3 e5 14. Bxe7 Rxe7 15. Nd2 Bg4 16. Qc2 Rae8 17. b4 c5 18. b5 Bc8 19. Nb3 Qd6 20. a4 h5 21. Rad1 h4 22. Na5 hxg3 23. hxg3 Ng4 24. Nc6 Rc7 25. Qd2 f5 26. Qg5 Bd7 27. Bd5+ Be6 28. Bf3 Bc8 29. Bxg4 fxg4 30. Rxe5 Rxe5 31. Qxe5 Qxe5 32. Nxe5 Bb7 33. Re1 Re7 34. Kf1 Bh1 35. f4 gxf3 36. Kf2 g5 37. Nc6 Rxe1 38. Kxe1 f2+ 39. Kxf2 Kf8 40. Nxa7 Ke7 41. Nc8+ 1-0

[Event "BCF-chT4 2223 (4NCL)"]
[Site "England"]
[Date "2022.11.06"]
[Round "2.12"]
[White "Finn, Peter"]
[Black "Abbott, Nathan J"]
[Result "1-0"]
[WhiteElo "2175"]
[BlackElo "1891"]
[PlyCount "93"]
[EventDate "2022.11.05"]
[EventType "team-swiss"]
[EventRounds "11"]
[EventCountry "ENG"]
[SourceTitle "EXT 2024"]
[Source "ChessBase"]
[SourceDate "2023.10.10"]
[SourceVersion "1"]
[SourceVersionDate "2023.10.10"]
[SourceQuality "1"]
[WhiteTeam "Kingston"]
[BlackTeam "Anglian Avengers II"]
[WhiteTeamCountry "ENG"]
[BlackTeamCountry "ENG"]

1. e4 e5 2. Bc4 Nf6 3. d3 Bc5 4. Nf3 d6 5. 0-0 Bg4 6. h3 Bh5 7. Nbd2 0-0 8. c3 Nbd7 9. Re1 c6 10. Nf1 d5 11. Bb3 dxe4 12. dxe4 Qb6 13. Qe2 Nxe4 14. Qxe4 Bxf2+ 15. Kh1 Nf6 16. Be3 Nxe4 17. Bxb6 Bxe1 18. Rxe1 axb6 19. Rxe4 Bxf3 20. gxf3 Rfe8 21. Ne3 Kf8 22. Nc4 f6 23. Nxb6 Rad8 24. Re2 Rd3 25. Kg2 g6 26. Na4 Rd7 27. Nc5 Rde7 28. Rd2 Kg7 29. Kf2 f5 30. Rd6 e4 31. fxe4 fxe4 32. Ne6+ Kh6 33. Ke3 Rf7 34. Bd1 Rf1 35. Bg4 Rg1 36. Kf2 Ra1 37. a3 Re7 38. Rd2 Rf7+ 39. Ke3 Rff1 40. Kxe4 Rfb1 41. Kf4 Ra2 42. Rd7 Raxb2 43. Ng5 Rf2+ 44. Bf3 Rxf3+ 45. Nxf3 Rb5 46. Ne5 g5+ 47. Kf5 1-0

[Event "Hull 4NCL op"]
[Site "Hull"]
[Date "2022.10.16"]
[Round "5"]
[White "Finn, Peter"]
[Black "Hepworth, Peter"]
[Result "1-0"]
[WhiteElo "2057"]
[BlackElo "1861"]
[PlyCount "73"]
[EventDate "2022.10.14"]
[EventType "swiss"]
[EventRounds "5"]
[EventCountry "ENG"]
[SourceTitle "CBM 210 Extra"]
[Source "ChessBase"]
[SourceDate "2022.11.30"]
[SourceVersion "1"]
[SourceVersionDate "2022.11.30"]
[SourceQuality "1"]

1. d4 Nf6 2. Nf3 e6 3. g3 c5 4. Bg2 Nc6 5. 0-0 Qb6 6. e3 cxd4 7. exd4 d5 8. c4 Be7 9. Nc3 0-0 10. Qe2 dxc4 11. Qxc4 Rd8 12. Rd1 Nd5 13. Na4 Qb4 14. Qc2 b6 15. a3 Qd6 16. Nc3 a6 17. Nxd5 exd5 18. Bf4 Qg6 19. Rac1 Bd7 20. Qb3 Na5 21. Qxd5 Ba4 22. Ne5 Rxd5 23. Nxg6 hxg6 24. Bxd5 Rd8 25. Re1 Rxd5 26. Rxe7 Rxd4 27. Rc8+ Kh7 28. Rxf7 Rd1+ 29. Kg2 Bb3 30. Re7 Nc6 31. Ree8 g5 32. Rh8+ Kg6 33. Rxc6+ Kf5 34. Rf8+ Ke4 35. f3+ Kd4 36. Rd8+ Bd5 37. Rxd5+ 1-0

[Event "London Mindsports Rapid"]
[Site "London"]
[Date "2022.09.11"]
[Round "4.4"]
[White "Cherniaev, Alexander1111"]
[Black "Finn, Peter"]
[Result "1/2-1/2"]
[WhiteElo "2267"]
[BlackElo "1978"]
[PlyCount "66"]
[EventDate "2022.09.11"]
[EventType "swiss (rapid)"]
[EventRounds "9"]
[EventCountry "ENG"]
[SourceTitle "CBM 210 Extra"]
[Source "ChessBase"]
[SourceDate "2022.11.30"]
[SourceVersion "1"]
[SourceVersionDate "2022.11.30"]
[SourceQuality "1"]

1. e4 c5 2. Nc3 Nc6 3. Bb5 Nd4 4. Bc4 e6 5. Nge2 Nf6 6. 0-0 a6 7. a4 d5 8. exd5 exd5 9. Ba2 Bf5 10. d3 Be7 11. Bg5 Nxe2+ 12. Qxe2 0-0 13. Rae1 Re8 14. Bxf6 Bxf6 15. Qxe8+ Qxe8 16. Rxe8+ Rxe8 17. Bxd5 b6 18. Rb1 a5 19. Kf1 Bd7 20. Bb3 Bc6 21. Bd5 Bd7 22. Bc4 Rd8 23. Nd5 Bxa4 24. b3 Bc6 25. Nc7 Rc8 26. Nb5 Bxb5 27. Bxb5 Bc3 28. Ke2 Rc7 29. Kf3 Re7 30. Bc4 Kf8 31. h4 h5 32. Rg1 f5 33. Bb5 g6 1/2-1/2

[Event "London Mindsports Rapid"]
[Site "London"]
[Date "2022.09.11"]
[Round "9.10"]
[White "Finn, Peter"]
[Black "Zhao, George"]
[Result "0-1"]
[WhiteElo "1978"]
[BlackElo "1475"]
[PlyCount "44"]
[EventDate "2022.09.11"]
[EventType "swiss (rapid)"]
[EventRounds "9"]
[EventCountry "ENG"]
[SourceTitle "CBM 210 Extra"]
[Source "ChessBase"]
[SourceDate "2022.11.30"]
[SourceVersion "1"]
[SourceVersionDate "2022.11.30"]
[SourceQuality "1"]

1. Nf3 e6 2. d4 c5 3. e4 cxd4 4. Nxd4 Bc5 5. Nb3 Bb6 6. Bd3 d5 7. exd5 Qxd5 8. 0-0 Nf6 9. Nc3 Qd8 10. Bg5 0-0 11. Ne4 Nbd7 12. Qf3 h6 13. Bh4 Bc7 14. Rad1 g5 15. Nxg5 hxg5 16. Bxg5 Kg7 17. Bb5 Rh8 18. Bxd7 Bxh2+ 19. Kh1 Bg3+ 20. Kg1 Rh1+ 21. Kxh1 Qh8+ 22. Kg1 Qh2# 0-1

[Event "GBR-ch 108th"]
[Site "Torquay"]
[Date "2022.08.21"]
[Round "9"]
[White "Finn, Peter"]
[Black "Storey, Charles"]
[Result "0-1"]
[WhiteElo "2033"]
[BlackElo "2167"]
[PlyCount "62"]
[EventDate "2022.08.13"]
[EventType "swiss"]
[EventRounds "9"]
[EventCountry "ENG"]
[SourceTitle "CBM 209 Extra"]
[Source "ChessBase"]
[SourceDate "2022.09.30"]
[SourceVersion "1"]
[SourceVersionDate "2022.09.30"]
[SourceQuality "1"]

1. d4 d5 2. Nf3 c6 3. c4 Nf6 4. Nc3 a6 5. c5 g6 6. Bf4 Bg7 7. e3 Nh5 8. Be5 f6 9. Bxb8 Rxb8 10. Nd2 f5 11. Be2 Nf6 12. f4 Ng4 13. Bxg4 fxg4 14. b4 Bf5 15. 0-0 e6 16. Nb3 g5 17. Qd2 gxf4 18. exf4 Qf6 19. Ne2 0-0 20. a4 Qg6 21. Nbc1 b6 22. cxb6 Rxb6 23. a5 Rb7 24. Ng3 Rfb8 25. Nxf5 exf5 26. Na2 Re7 27. Nc3 Rbe8 28. Rfd1 h5 29. Qd3 Re3 30. Qc2 g3 31. h3 Bxd4 0-1

[Event "GBR-ch 108th"]
[Site "Torquay"]
[Date "2022.08.16"]
[Round "4"]
[White "Finn, Peter"]
[Black "Merriman, John"]
[Result "0-1"]
[WhiteElo "2033"]
[BlackElo "2297"]
[PlyCount "46"]
[EventDate "2022.08.13"]
[EventType "swiss"]
[EventRounds "9"]
[EventCountry "ENG"]
[SourceTitle "CBM 209 Extra"]
[Source "ChessBase"]
[SourceDate "2022.09.30"]
[SourceVersion "1"]
[SourceVersionDate "2022.09.30"]
[SourceQuality "1"]

1. e4 e6 2. d4 d5 3. Nc3 Nf6 4. e5 Nfd7 5. f4 c5 6. Nf3 Nc6 7. Be3 cxd4 8. Nxd4 Bc5 9. Qd2 0-0 10. 0-0-0 a6 11. h4 Bxd4 12. Bxd4 b5 13. h5 Bb7 14. Re1 Rc8 15. g4 Qa5 16. f5 Nxd4 17. Qxd4 b4 18. Bd3 bxc3 19. f6 gxf6 20. exf6 cxb2+ 21. Kb1 Qc3 22. Qa7 Nc5 23. Re3 Nxd3 0-1

[Event "GBR-ch 108th"]
[Site "Torquay"]
[Date "2022.08.14"]
[Round "2"]
[White "Finn, Peter"]
[Black "Villiers, Thomas"]
[Result "1-0"]
[WhiteElo "2033"]
[BlackElo "2170"]
[PlyCount "79"]
[EventDate "2022.08.13"]
[EventType "swiss"]
[EventRounds "9"]
[EventCountry "ENG"]
[SourceTitle "CBM 209 Extra"]
[Source "ChessBase"]
[SourceDate "2022.09.30"]
[SourceVersion "1"]
[SourceVersionDate "2022.09.30"]
[SourceQuality "1"]

1. Nf3 d5 2. d4 e6 3. g3 b5 4. Bg2 Nf6 5. 0-0 Be7 6. a4 b4 7. c4 bxc3 8. Nxc3 0-0 9. Bf4 Nbd7 10. Nb5 Ne8 11. Qc2 c5 12. dxc5 Nxc5 13. Be3 a6 14. Bxc5 Bxc5 15. Qxc5 axb5 16. axb5 Rb8 17. Nd4 Qb6 18. Rfc1 Nd6 19. Qxb6 Rxb6 20. Rc6 Rxc6 21. bxc6 e5 22. Nc2 Be6 23. Nb4 d4 24. c7 Nb5 25. Rc1 Rc8 26. Na6 Na7 27. Bb7 Re8 28. Nc5 Bc8 29. Bxc8 Nxc8 30. b4 Nb6 31. Nd7 Nc8 32. b5 e4 33. b6 d3 34. b7 d2 35. Rd1 Kh8 36. b8Q Rg8 37. Nb6 e3 38. Qxc8 exf2+ 39. Kxf2 Rd8 40. cxd8R# 1-0

[Event "Daventry 4NCL Easter op-A 2nd"]
[Site "Daventry"]
[Date "2022.04.17"]
[Round "5"]
[White "Finn, Peter"]
[Black "Southcott Moyers, Indy"]
[Result "1/2-1/2"]
[WhiteElo "2029"]
[BlackElo "2052"]
[PlyCount "90"]
[EventDate "2022.04.15"]
[EventType "swiss"]
[EventRounds "7"]
[EventCountry "ENG"]
[SourceTitle "CBM 207 Extra"]
[Source "ChessBase"]
[SourceDate "2022.05.31"]
[SourceVersion "1"]
[SourceVersionDate "2022.05.31"]
[SourceQuality "1"]

1. e4 e5 2. Nf3 Nc6 3. Bc4 Bc5 4. c3 Nf6 5. d3 d6 6. 0-0 h6 7. Nbd2 0-0 8. h3 a5 9. Re1 Be6 10. b3 Ba7 11. Bb2 Re8 12. Qc2 Nh5 13. d4 Bxc4 14. Nxc4 Qf6 15. Ne3 Nf4 16. Nd5 Qg6 17. Nxf4 exf4 18. Re2 Re7 19. Rae1 Rae8 20. c4 Nb4 21. Qb1 d5 22. a3 dxe4 23. Nh4 Qg5 24. axb4 Qxh4 25. Rxe4 axb4 26. Qd3 Qf6 27. f3 c6 28. Kf1 Qh4 29. R1e2 f5 30. Rxe7 Rxe7 31. Qxf5 Rxe2 32. Kxe2 Qe7+ 33. Qe4 Qg5 34. Kf1 Qg3 35. Qe6+ Kh7 36. Qf5+ Kg8 37. Qc8+ Kh7 38. Qxb7 Qg6 39. Qxa7 Qb1+ 40. Kf2 Qxb2+ 41. Kg1 Qxb3 42. Qc5 Qd1+ 43. Kh2 b3 44. Qf5+ Kg8 45. Qe6+ Kh7 1/2-1/2

[Event "Daventry 4NCL Easter op-A 2nd"]
[Site "Daventry"]
[Date "2022.04.16"]
[Round "2"]
[White "Arkell, Keith C"]
[Black "Finn, Peter"]
[Result "1-0"]
[WhiteElo "2383"]
[BlackElo "2029"]
[PlyCount "71"]
[EventDate "2022.04.15"]
[EventType "swiss"]
[EventRounds "7"]
[EventCountry "ENG"]
[SourceTitle "CBM 207 Extra"]
[Source "ChessBase"]
[SourceDate "2022.05.31"]
[SourceVersion "1"]
[SourceVersionDate "2022.05.31"]
[SourceQuality "1"]

1. c4 Nf6 2. Nc3 e6 3. d4 d5 4. cxd5 exd5 5. Bg5 Be7 6. e3 Bf5 7. Bxf6 Bxf6 8. Qb3 Nd7 9. Nxd5 0-0 10. Nf3 c5 11. Nxf6+ Nxf6 12. Be2 cxd4 13. Nxd4 Qa5+ 14. Qc3 Qxc3+ 15. bxc3 Bg6 16. f3 Nd5 17. Kd2 Rac8 18. Rhc1 Rfd8 19. a4 Rc7 20. a5 Rcd7 21. Ra4 f5 22. Bc4 Bf7 23. Bxd5 Bxd5 24. Ke2 g6 25. c4 Bc6 26. Ra2 Re8 27. Nxc6 bxc6 28. Rb1 f4 29. e4 Re5 30. a6 Ree7 31. Rd2 Rxd2+ 32. Kxd2 Re5 33. Rb7 Ra5 34. Rxa7 Ra2+ 35. Kc3 Rxg2 36. Rb7 1-0